Xi’an City Quiz - Statistics

General Stats
  • This quiz has been taken 5 times
  • The average score is 13 of 20
Answer Stats
Hint Answer % Correct
Former name of Xi’an Chang’an
100%
Political figure kidnapped during the Xi’an Incident of 1936 Chiang Kai-shek
100%
Province in which Xi’an is located Shaanxi
100%
First feudal dynasty of China Qin Dynasty
75%
Dynasty that constructed canals that led to Xi’an Sui Dynasty
75%
Largest (and last) dynasty with its capital at Xi’an Tang Dynasty
75%
Group of statues found in the mausoleum of Qin Shi Huang Terracotta Warriors
75%
Of the five great mountains in China, this mountain lies in this direction West
75%
First dynasty with its capital at Xi’an Zhou Dynasty
75%
Two towers built in Xi’an during the Ming Dynasty Bell Tower
50%
Imperial palace complex of this dynasty Daming Palace
50%
Buddhist pagoda built in Xi’an during this dynasty Dayan Pagoda
50%
Two towers built in Xi’an during the Ming Dynasty Drum Tower
50%
Leader of a rebellion during this dynasty who led a massacre in Xi’an Huang Chao
50%
Mountain located 120 kilometers east of Xi’an Mount Hua
50%
Major mountain range south of Xi’an Qinling
50%
Type of decoration on pottery during this dynasty Tang Sancai
50%
River that flows through Xi’an Wei River
50%
City near Xi’an that was capital of the above Xianyang
50%
Buddhist monk of this dynasty who travelled to India from Xi’an Xuanzang
50%
No matching quizzes found
Score Distribution
Percent of People with Each Score
Percentile by Number Answered
Your Score History
You have not taken this quiz